A family tree : and other stories /

Bibliographic Details
Main Author: Matthews, Brander, 1852-1929
Format: Book
Language:English
Published: New York : Longmans, Green, 1889.

MARC

Tag First Indicator Second Indicator Subfields
LEADER 00000cam a2200000 4500
001 in00000683095
005 20170223104241.0
008 730511s1889 nyu 00011 eng u
010 |a  07025563  
035 |a (OCoLC)00620211 
035 |9 ACZ6877AM 
040 |c KSU  |d TXA  |d UtOrBLW 
049 |a TXAM  |c [1338371] 
050 4 |a PZ3.M432  |b F  |a PS2372 
090 |a PS2372  |b F36 1889 
100 1 |a Matthews, Brander,  |d 1852-1929. 
245 1 2 |a A family tree :  |b and other stories /  |c by Brander Matthews. 
264 1 |a New York :  |b Longmans, Green,  |c 1889. 
300 |a 236 pages 
336 |a text  |b txt  |2 rdacontent 
337 |a unmediated  |b n  |2 rdamedia 
338 |a volume  |b nc  |2 rdacarrier 
505 0 |a A family tree.--Memories.--Idle notes of an uneventful voyage.--On the battle-field.--Scherzi & skizzen. 
999 |a MARS 
999 f f |s a8b40d54-8416-3b34-b721-3b8ed93198f0  |i 3ca5e2fc-52d9-3055-95c3-536543079f56  |t 0 
952 f f |p ric  |a Texas A&M University  |b Rellis Campus  |c Joint Library Facility  |d Remote Storage  |t 0  |e PS2372 F36 1889  |h Library of Congress classification  |i unmediated -- volume  |m A14804258660 
998 f f |a PS2372 F36 1889  |t 0  |l Remote Storage